Sports Quiz

Random Sports Quiz

Speed Sports Quiz Stats

 Plays Quiz not verified by Sporcle

Challenge
Share
Tweet
Embed
Score 0/32 Timer 04:00
0 Plays Today
Question % Correct
NHL Player with 500 GoalsMaurice Richard
96.1%
NHL Team With At Least 5 Stanley CupsMontreal Canadiens
95.5%
Color Commentators on Monday Night Football (CBS Commentators)Howard Cosell
61.8%
NHL Player with 50 goals in 50 gamesWayne Gretzky
56.5%
NFL Team Without a Super Bowl AppearanceCleveland Browns
55.6%
World Cup WinnersUruguay
55.3%
Men's Soccer Player with 10 or More Goals in World CupRonaldo
55.1%
NBA Player With Multiple MVP'SBill Russell
53.7%
MLB Team Milton Bradley has Played ForMontreal Expos
53.4%
NFL Player With Multiple MVP'SJim Brown
52.8%
NHL Player With Multiple MVP'S/Hart Trophy'sHowie Morenz
52.8%
MLB Player with 4+ Home Runs in a GameCarlos Delgado
50.6%
NHL Team Without a Stanley Cup Finals AppearanceColumbus Blue Jackets
50.3%
NBA Team Without a Finals AppearanceLos Angeles Clippers
49.4%
Player Suspended in The Malice At The Palace (Pacers-Pistons Brawl)Ron Artest
49.4%
Team Undefeated in NBA Finals Chicago Bulls
48.9%
Question % Correct
NBA Player Who Recorded a Quadruple-DoubeNate Thurmond
46.9%
MLB Player with 40 Home Runs and 40 Stolen Bases in a Single SeasonBarry Bonds
46.1%
MLB Team Without World Series AppearanceSeattle Mariners
43.5%
NFL Kicker who Kicked a 60 Plus Yard Field GoalTom Dempsey
42.4%
Winner of The NBA 3 Point ContestLarry Bird
36%
Year The Stanley Cup Finals Were Won in Overtime1934
34.8%
Team Undefeated in Super BowlSan Francisco 49ers
34.6%
NHL #1 Overall Draft Picks Since 2000Rick DiPietro
30.3%
MLB #1 Overall Draft Picks Since 2000Adrian Gonzalez
28.9%
Team Undefeated in World SeriesToronto Blue Jays
28.4%
Team Undefeated in Stanley Cup FinalsColorado Avalanche
25.8%
MLB Players With Unassisted Triple PlaysRandy Velarde
23%
NHL Goalie Who Has ScoredBilly Smith
22.8%
10+ Game Suspensions in the NHLChris Simon
17.7%
Athlete(Non-NFL) To Wear 99 Besides Wayne GretzkyGeorge Mikan
15.4%
Athlete who Guest Hosted on WWE Monday Night Raw (Wrestlers not Included)Shaquille O' Neal
15.4%

You're not logged in!

Compare scores with friends on all Sporcle quizzes.
OR
Log In

You Might Also Like...

Show Comments

Extras

Created Feb 16, 2011ReportNominate
Tags:realm, speed

Top Quizzes Today


Score Distribution

Your Account Isn't Verified!

In order to create a playlist on Sporcle, you need to verify the email address you used during registration. Go to your Sporcle Settings to finish the process.

Report this User

Report this user for behavior that violates our Community Guidelines.

Details: